| 000 | 00994nam a2200277 a 4500 | ||
|---|---|---|---|
| 005 | 20140708082248.0 | ||
| 008 | 140311b1999 ck ||||| |||| 00| 0 spa d | ||
| 041 | _aspa | ||
| 044 | _ack | ||
| 090 |
_aLB _b333.782 |
||
| 100 |
_aMontoya C., Martha Yolanda _920029 |
||
| 110 |
_bAsociación de Desarrollo Comunitario en el Quindío, ADECOQUIN _920030 |
||
| 245 | _aManual de caracterización de áreas silvestres | ||
| 260 |
_aArmenia _bECOFONDO _bAlcaldía de Armenia _bCRQ _bOrganización Quindiana de Ambientalistas _c1999 |
||
| 300 | _a95 p. | ||
| 650 |
_aAreas silvestres _924690 |
||
| 650 |
_aCaracterización ecológica _94545 |
||
| 650 |
_aManuales metodológicos _94712 |
||
| 650 |
_aEvaluación ambiental _912484 |
||
| 650 |
_aParticipación comunitaria _93367 |
||
| 650 |
_aCaracterización ecológica participativa _920032 |
||
| 662 | _aColombia | ||
| 700 |
_aVargas , William _92871 |
||
| 710 |
_a^aFundación Ecológica Reserva "Las Mellizas" _920033 |
||
| 942 |
_cImpreso _2z _01 |
||
| 999 |
_c3433 _d3433 |
||